| 000 | 00914nam a2200265 i 4500 | ||
|---|---|---|---|
| 001 | 190624 | ||
| 003 | ES-MaACL | ||
| 005 | 20250930063202.0 | ||
| 008 | 220223s2012 sp 000 f spa | ||
| 020 | _a978-84-08-01388-4 | ||
| 080 | _a821.134.2-31"19" | ||
| 100 | 1 |
_aPascual, Andrés, _d1969- _9174201 |
|
| 245 | 1 | 3 |
_aEl sol brilla por la noche en Cachemira / _cAndrés Pascual. |
| 250 | _a1ª ed. | ||
| 260 |
_aBarcelona : _bPlaneta, _c2012. |
||
| 300 |
_a244 p. ; _c24 cm. |
||
| 490 | 1 | _aAutores españoles e iberoamericanos | |
| 655 | 0 |
_aNovelas _9234319 |
|
| 830 | 1 |
_aAutores españoles e iberoamericanos _9119106 |
|
| 852 | 4 |
_aES-MaACL _jA-14887 _9197803 _bR.152673 _cDEPO1 _dOlim: N-7887 _hDonación: José Lázaro _xEncuadernación en cartone |
|
| 903 |
_9234219 _aLázaro García, José _ednr |
||
| 942 |
_2udc _cMONOGRAFIA |
||
| 999 |
_c190624 _d190624 |
||